<?xml version="1.0" encoding="UTF-8"?>
<collection xmlns="http://www.loc.gov/MARC21/slim">
 <record>
  <leader>02919nam a2200253 a 4500</leader>
  <controlfield tag="001">1/45222</controlfield>
  <controlfield tag="008">140820s2002    ne            001 0 eng  </controlfield>
  <datafield tag="020" ind1=" " ind2=" ">
   <subfield code="a">9780750675680</subfield>
  </datafield>
  <datafield tag="020" ind1=" " ind2=" ">
   <subfield code="a">0750675683</subfield>
  </datafield>
  <datafield tag="035" ind1=" " ind2=" ">
   <subfield code="l">48181</subfield>
  </datafield>
  <datafield tag="040" ind1=" " ind2=" ">
   <subfield code="a">OPELS</subfield>
   <subfield code="b">eng</subfield>
   <subfield code="c">OPELS</subfield>
   <subfield code="d">TEF</subfield>
   <subfield code="d">OPELS</subfield>
   <subfield code="d">OKU</subfield>
   <subfield code="d">OCLCQ</subfield>
   <subfield code="d">OCLCF</subfield>
   <subfield code="d">GR-PeUP</subfield>
  </datafield>
  <datafield tag="100" ind1="1" ind2=" ">
   <subfield code="a">Chin, Wilson C.</subfield>
  </datafield>
  <datafield tag="245" ind1="1" ind2="0">
   <subfield code="a">Quantitative methods in reservoir engineering</subfield>
   <subfield code="h">[electronic resource] /</subfield>
   <subfield code="c">Wilson C. Chin.</subfield>
  </datafield>
  <datafield tag="260" ind1=" " ind2=" ">
   <subfield code="a">Amsterdam ;</subfield>
   <subfield code="a">Boston :</subfield>
   <subfield code="b">Gulf Professional Pub.,</subfield>
   <subfield code="c">c2002.</subfield>
  </datafield>
  <datafield tag="300" ind1=" " ind2=" ">
   <subfield code="a">1 online resource (xiii, 480 p.) :</subfield>
   <subfield code="b">ill.</subfield>
  </datafield>
  <datafield tag="504" ind1=" " ind2=" ">
   <subfield code="a">Includes bibliographical references (p. 453-461) and index.</subfield>
  </datafield>
  <datafield tag="505" ind1="0" ind2=" ">
   <subfield code="a">Motivating ideas and governing equations -- Fracture flow analysis -- Flows past shaly bodies -- Streamline tracing and complex variables -- Flows in complicated geometries -- radial flow analysis -- Finite difference methods for planar flows -- Curvilinear coordinates and numerical grid generation -- Steady-state reservoir applications -- Transient compressible flows : numerical well test simulation -- Effective properties in single and multiphase flows -- Modeling stochastic heterogeneities -- Real and artificial viscosity -- Borehole flow invasion, lost circulation, and time lapse logging -- Horizontal, deviated, and modern multilateral well analysis -- Fluid mechanics of invasion -- Static and dynamic filtration -- Formation tester applications -- Analytical Methods for Time Lapse Well LoggingAnalysis -- Complex invasion problems : numerical modeling -- Forward and inverse multiphase flow modeling.</subfield>
  </datafield>
  <datafield tag="520" ind1=" " ind2=" ">
   <subfield code="a">For the practitioner, this volume is a valuable tool for predicting reservoir flow in the most efficient and profitable manner possible, using quantitative methods rather than anecdotal and outdated methods. For the student, this volume offers insight not covered in other textbooks. Too many approaches in traditional petroleum engineering are based on &quot;ad hoc&quot; and &quot;common sense&quot; methods that have no rigorous mathematical basis. Most textbooks dealing with reservoir engineering do not go into the necessary mathematical detail and depth. This new book by Wilson Chin, a revision of two earlier books published by Gulf Publishing, Modern Reservoir Flow and Well Transient Analysis and Formation Invasion, integrates rigorous mathematical methods for simulating and predicting reservoir flow both near and away from the well. Predicts reservoir flow to maximize resources, time, and profits Includes problems and solutions for students Presents mathematical models in an easy-to-understand and easy-to-simulate format.</subfield>
  </datafield>
  <datafield tag="650" ind1=" " ind2="4">
   <subfield code="a">Oil reservoir engineering.</subfield>
  </datafield>
  <datafield tag="655" ind1=" " ind2="4">
   <subfield code="a">Electronic books.</subfield>
  </datafield>
  <datafield tag="852" ind1=" " ind2=" ">
   <subfield code="a">INST</subfield>
   <subfield code="b">UNIPILB</subfield>
   <subfield code="c">EBOOKS</subfield>
   <subfield code="e">20140820</subfield>
   <subfield code="p">00b48181</subfield>
   <subfield code="q">00b48181</subfield>
   <subfield code="t">ONLINE</subfield>
   <subfield code="y">0</subfield>
  </datafield>
  <datafield tag="856" ind1="4" ind2="0">
   <subfield code="3">ScienceDirect</subfield>
   <subfield code="u">http://www.sciencedirect.com/science/book/9780750675680</subfield>
  </datafield>
  <datafield tag="856" ind1="4" ind2=" ">
   <subfield code="d">/webopac/covers/03/48181_9780750675680.jpg</subfield>
  </datafield>
  <datafield tag="856" ind1="4" ind2=" ">
   <subfield code="d">/webopac/covers/03/48181_0750675683.jpg</subfield>
  </datafield>
 </record>
</collection>
